[Event "Stork Young Masters op"]
[Site "Hengelo"]
[Date "2005.08.08"]
[Round "1"]
[White "L'Ami, Alina"]
[Black "Zhigalko, Sergei"]
[Result "1/2-1/2"]
[WhiteElo "2270"]
[BlackElo "2485"]
[PlyCount "84"]
[EventDate "2005.08.08"]
[EventType "swiss"]
[EventRounds "9"]
[EventCountry "NED"]
[SourceTitle "CBM 107 Extra"]
[Source "ChessBase"]
[SourceDate "2005.09.01"]
[SourceVersion "1"]
[SourceVersionDate "2005.09.01"]
[SourceQuality "1"]

1. d4 Nf6 2. c4 e6 3. Nc3 Bb4 4. e3 O-O 5. a3 d5 6. Nge2 Be7 7. cxd5 exd5 8. Ng3 Re8 9. Bd3 a5 10. O-O c6 11. e4 dxe4 12. Ncxe4 Qxd4 13. Ng5 Qd8 14. Qb3 Rf8 15. Rd1 Qc7 16. Bc4 Nd5 17. Bxd5 cxd5 18. Qxd5 h6 19. N5e4 Rd8 20. Qh5 Rxd1+ 21. Qxd1 Be6 22. Be3 Nc6 23. Rc1 Qe5 24. Qc2 Rc8 25. f4 Qb5 26. Qf2 f5 27. Nc5 Bxc5 28. Rxc5 Qd3 29. Qe2 Qd7 30. Qc2 Re8 31. Kf2 Qe7 32. Qc3 Qh4 33. Kg1 Qg4 34. Qc2 h5 35. Qe2 h4 36. Qxg4 fxg4 37. Ne2 g6 38. Kf2 Rd8 39. Rb5 Rd7 40. Nc3 Re7 41. Nd5 Rf7 42. Nc3 Re7 1/2-1/2

[Event "Stork Young Masters op"]
[Site "Hengelo"]
[Date "2005.08.08"]
[Round "2"]
[White "Zhigalko, Sergei"]
[Black "Koster, Ramon H"]
[Result "1-0"]
[WhiteElo "2485"]
[BlackElo "2335"]
[PlyCount "63"]
[EventDate "2005.08.08"]
[EventType "swiss"]
[EventRounds "9"]
[EventCountry "NED"]
[SourceTitle "CBM 107 Extra"]
[Source "ChessBase"]
[SourceDate "2005.09.01"]
[SourceVersion "1"]
[SourceVersionDate "2005.09.01"]
[SourceQuality "1"]

1. e4 e6 2. d4 d5 3. e5 c5 4. c3 Nc6 5. Nf3 Nge7 6. Na3 cxd4 7. cxd4 Nf5 8. Nc2 Bd7 9. Bd3 Qb6 10. O-O Be7 11. g4 Nh6 12. h3 Ng8 13. b4 h5 14. Rb1 hxg4 15. hxg4 Nh6 16. Nh2 g5 17. Be3 Qd8 18. Kg2 Kf8 19. Rh1 f5 20. exf6 Bxf6 21. Qd2 Kg7 22. b5 Na5 23. f4 Nf7 24. Nf3 Nc4 25. Bxc4 gxf4 26. Bxf4 dxc4 27. g5 Be7 28. d5 e5 29. Qc3 Bg4 30. Bxe5+ Kg6 31. Bxh8 Qxd5 32. Qg7+ 1-0

[Event "Stork Young Masters op"]
[Site "Hengelo"]
[Date "2005.08.09"]
[Round "3"]
[White "Belov, Vladimir"]
[Black "Zhigalko, Sergei"]
[Result "1-0"]
[WhiteElo "2596"]
[BlackElo "2485"]
[PlyCount "77"]
[EventDate "2005.08.08"]
[EventType "swiss"]
[EventRounds "9"]
[EventCountry "NED"]
[SourceTitle "CBM 107 Extra"]
[Source "ChessBase"]
[SourceDate "2005.09.01"]
[SourceVersion "1"]
[SourceVersionDate "2005.09.01"]
[SourceQuality "1"]

1. d4 Nf6 2. c4 e6 3. Nc3 Bb4 4. Qc2 O-O 5. a3 Bxc3+ 6. Qxc3 b6 7. Nf3 d6 8. e3 Nbd7 9. Be2 c5 10. b4 Bb7 11. O-O Ne4 12. Qb3 Rc8 13. Rd1 Qe7 14. Bb2 Rfd8 15. bxc5 dxc5 16. a4 Ng5 17. Ne1 cxd4 18. exd4 a5 19. Qe3 Ne4 20. Ba3 Qe8 21. Nf3 Nef6 22. Bb2 Rc7 23. Ra3 Rcc8 24. Re1 Ba6 25. Nd2 Nf8 26. Qg3 Qe7 27. Rb3 Qd6 28. Qe3 N8d7 29. h4 Re8 30. g4 Red8 31. g5 Ne8 32. Ba3 Qc6 33. Be7 Qxa4 34. d5 exd5 35. Bxd8 Rxd8 36. Qe7 Rb8 37. Rf3 f6 38. Qe6+ Kf8 39. Rd1 1-0

[Event "Stork Young Masters op"]
[Site "Hengelo"]
[Date "2005.08.10"]
[Round "5"]
[White "Kharitonov, Alexandr"]
[Black "Zhigalko, Sergei"]
[Result "1-0"]
[WhiteElo "2519"]
[BlackElo "2485"]
[PlyCount "135"]
[EventDate "2005.08.08"]
[EventType "swiss"]
[EventRounds "9"]
[EventCountry "NED"]
[SourceTitle "CBM 107 Extra"]
[Source "ChessBase"]
[SourceDate "2005.09.01"]
[SourceVersion "1"]
[SourceVersionDate "2005.09.01"]
[SourceQuality "1"]

1. d4 d5 2. c4 e6 3. Nc3 c6 4. e3 Bd6 5. Bd3 f5 6. Nge2 Nf6 7. f3 O-O 8. Qc2 Kh8 9. O-O Qc7 10. h3 dxc4 11. Bxc4 e5 12. dxe5 Bxe5 13. f4 Bd6 14. Nd4 Nh5 15. Rd1 Qe7 16. Bd3 g6 17. Qf2 Nd7 18. b3 Nhf6 19. Bb2 Nc5 20. Bc2 a5 21. Re1 Kg8 22. Rad1 Bd7 23. Qd2 Rad8 24. Qe2 b5 25. a4 b4 26. Nb1 Nd5 27. Nd2 Bc7 28. Nc4 Rfe8 29. Qf3 Ne4 30. Bxe4 Qxe4 31. Qxe4 Rxe4 32. Nf3 Re6 33. Be5 Rc8 34. Bxc7 Rxc7 35. Nfe5 Ra7 36. Nxd7 Rxd7 37. Nxa5 Rde7 38. Rd4 h5 39. Nc4 Nxe3 40. Nxe3 Rxe3 41. Rxe3 Rxe3 42. Rxb4 c5 43. Rb5 h4 44. a5 Kg7 45. Kf2 Rc3 46. a6 Rc2+ 47. Ke3 Ra2 48. Rxc5 Rxa6 49. Rc2 Rb6 50. Rc3 Rb4 51. Kf3 Kh6 52. Ke2 Re4+ 53. Kd3 Rxf4 54. Rc4 Rf2 55. Rc2 Rf4 56. Rb2 Rb4 57. Kc3 Rb8 58. b4 Kg5 59. b5 Kf4 60. b6 Kg3 61. Kd4 Rb7 62. Ke5 f4 63. Rb3+ Kxg2 64. Kxf4 Kf2 65. Kg4 Ke2 66. Kxh4 Kd2 67. Kg5 Kc2 68. Rb5 1-0

[Event "Stork Young Masters op"]
[Site "Hengelo"]
[Date "2005.08.11"]
[Round "6"]
[White "Zhigalko, Sergei"]
[Black "Vasilevich, Irina"]
[Result "1-0"]
[WhiteElo "2485"]
[BlackElo "2407"]
[PlyCount "69"]
[EventDate "2005.08.08"]
[EventType "swiss"]
[EventRounds "9"]
[EventCountry "NED"]
[SourceTitle "CBM 107 Extra"]
[Source "ChessBase"]
[SourceDate "2005.09.01"]
[SourceVersion "1"]
[SourceVersionDate "2005.09.01"]
[SourceQuality "1"]

1. e4 c5 2. Nf3 e6 3. c3 d5 4. e5 Nc6 5. d4 Qb6 6. a3 Nh6 7. b4 cxd4 8. cxd4 Nf5 9. Be3 Be7 10. Bd3 Nxe3 11. fxe3 f6 12. exf6 Bxf6 13. Nc3 O-O 14. O-O Bd7 15. Na4 Qd8 16. Nc5 Bc8 17. Rc1 Qd6 18. Qc2 h6 19. b5 Na5 20. e4 dxe4 21. Nxe4 Qd8 22. Kh1 Bd7 23. Qe2 Rc8 24. Nc5 Rxc5 25. dxc5 Nb3 26. Rc2 Nd4 27. Nxd4 Bxd4 28. Rcc1 Qg5 29. Qe4 Rxf1+ 30. Rxf1 Bf6 31. Qxb7 Be8 32. b6 Qe3 33. Qe4 Qxc5 34. b7 Qd6 35. Rb1 1-0

[Event "Stork Young Masters op"]
[Site "Hengelo"]
[Date "2005.08.11"]
[Round "7"]
[White "Brandenburg, Daan"]
[Black "Zhigalko, Sergei"]
[Result "0-1"]
[WhiteElo "2371"]
[BlackElo "2485"]
[PlyCount "82"]
[EventDate "2005.08.08"]
[EventType "swiss"]
[EventRounds "9"]
[EventCountry "NED"]
[SourceTitle "CBM 107 Extra"]
[Source "ChessBase"]
[SourceDate "2005.09.01"]
[SourceVersion "1"]
[SourceVersionDate "2005.09.01"]
[SourceQuality "1"]

1. e4 c5 2. Nf3 Nc6 3. d4 cxd4 4. Nxd4 Nf6 5. Nc3 e5 6. Ndb5 d6 7. Bg5 a6 8. Na3 b5 9. Bxf6 gxf6 10. Nd5 Bg7 11. c3 f5 12. exf5 Bxf5 13. Nc2 Be6 14. g3 O-O 15. Bg2 a5 16. O-O Rb8 17. Qe2 Qd7 18. Rad1 f5 19. f4 Kh8 20. Nce3 e4 21. Qh5 Ne7 22. Rd2 Nxd5 23. Nxd5 b4 24. Rfd1 bxc3 25. bxc3 a4 26. Kh1 a3 27. Ne3 Bxc3 28. Rxd6 Qf7 29. Qe2 Bxa2 30. Rd7 Qg8 31. Nd5 Bxd5 32. R7xd5 Bb2 33. Rb5 Rxb5 34. Qxb5 Rb8 35. Qxf5 a2 36. Bxe4 a1=Q 37. Rxa1 Bxa1 38. Qh5 Re8 39. Qa5 Bd4 40. Qf5 Re7 41. Bd3 Qd8 0-1

[Event "Stork Young Masters op"]
[Site "Hengelo"]
[Date "2005.08.12"]
[Round "8"]
[White "Nyback, Tomi"]
[Black "Zhigalko, Sergei"]
[Result "1/2-1/2"]
[WhiteElo "2571"]
[BlackElo "2485"]
[PlyCount "39"]
[EventDate "2005.08.08"]
[EventType "swiss"]
[EventRounds "9"]
[EventCountry "NED"]
[SourceTitle "CBM 107 Extra"]
[Source "ChessBase"]
[SourceDate "2005.09.01"]
[SourceVersion "1"]
[SourceVersionDate "2005.09.01"]
[SourceQuality "1"]

1. d4 d5 2. Nf3 e6 3. c4 c6 4. Qc2 dxc4 5. Qxc4 Nf6 6. Bg5 b5 7. Qc2 Bb7 8. e3 Nbd7 9. Nbd2 a6 10. a4 Rc8 11. Be2 Be7 12. O-O O-O 13. Bxf6 gxf6 14. Rfc1 c5 15. axb5 cxd4 16. Qd3 Rxc1+ 17. Rxc1 dxe3 18. Qxe3 axb5 19. Bxb5 Nb6 20. Bc6 1/2-1/2

[Event "Stork Young Masters op"]
[Site "Hengelo"]
[Date "2005.08.13"]
[Round "9"]
[White "Zhigalko, Sergei"]
[Black "Riazantsev, Alexander"]
[Result "1/2-1/2"]
[WhiteElo "2485"]
[BlackElo "2599"]
[PlyCount "47"]
[EventDate "2005.08.08"]
[EventType "swiss"]
[EventRounds "9"]
[EventCountry "NED"]
[SourceTitle "CBM 107 Extra"]
[Source "ChessBase"]
[SourceDate "2005.09.01"]
[SourceVersion "1"]
[SourceVersionDate "2005.09.01"]
[SourceQuality "1"]

1. e4 c6 2. d4 d5 3. e5 Bf5 4. Nd2 e6 5. Nb3 Nd7 6. Nf3 Bg6 7. Be2 Nh6 8. O-O Be7 9. c3 O-O 10. Bf4 Nf5 11. Ne1 c5 12. dxc5 Nxc5 13. Nd3 Nxd3 14. Bxd3 Rc8 15. Re1 a6 16. a4 Qc7 17. g3 Bc5 18. Nxc5 Qxc5 19. Bxf5 Bxf5 20. Be3 Qc4 21. a5 Qb5 22. Qd2 Qd3 23. Qxd3 Bxd3 24. Bd4 1/2-1/2

[Event "EU-Cup 21st"]
[Site "Saint Vincent"]
[Date "2005.09.21"]
[Round "4.3"]
[White "Roiz, Michael"]
[Black "Zhigalko, Sergei"]
[Result "1/2-1/2"]
[WhiteElo "2593"]
[BlackElo "2485"]
[Annotator "Roiz,Michael"]
[PlyCount "77"]
[EventDate "2005.09.18"]
[EventType "team-swiss"]
[EventRounds "7"]
[EventCountry "ITA"]
[SourceTitle "CBM 110"]
[Source "ChessBase"]
[SourceDate "2006.01.31"]
[SourceVersion "1"]
[SourceVersionDate "2006.01.31"]
[SourceQuality "1"]
[WhiteTeam "Beer Sheva"]
[BlackTeam "Minsk Vesnianka"]
[WhiteTeamCountry "ISR"]
[BlackTeamCountry "UKR"]

1. Nf3 d5 2. g3 Bg4 3. Bg2 Nd7 4. c4 e6 5. cxd5 exd5 6. d3 Ngf6 7. O-O {I have some experience in this system. Now black should choose the square for his dark-squared bishop.} Bd6 {Here the bishop takes control of e5-square.} ({The other possibilities are:} 7... Be7) ({and} 7... Bc5) 8. h3 (8. Qc2 O-O 9. Nc3 c6 10. e4 dxe4 11. dxe4 Bxf3 12. Bxf3 Re8 13. Bg2 Bb4 14. Na4 Qe7 15. a3 Bd6 16. Re1 Nc5 $11 {½-½ Pedersen,N-Gurevich,M/Andorra la Vella AND 2004/The Week in Chess 505 (47)}) 8... Bxf3 (8... Bh5 $5 {is also possible, while white may deliver his knight to f5.}) 9. Bxf3 O-O 10. Bg2 $146 {A useful prophylactic move - the bishop was vulnerable at f3.} (10. e4 {Nothing special promises:} dxe4 11. dxe4 Re8 12. Nc3 Be5 $132) ({or} 10. Nc3 c6 11. e4 dxe4 12. dxe4 Be5 13. Be3 Re8 14. Qc2 Qa5 15. Rab1 Bxc3 16. bxc3 b5 17. Bd4 Rad8 18. Bg2 Ne5 $132 {0-1 Obukhov,A-Maiorov,B/Voronezh 2003/CBM 94 ext (40)}) 10... Re8 11. Qc2 $5 {A flexible move - white is waiting with the development of his b1.} (11. Nc3 c6 12. e4 dxe4 13. dxe4 Be5 $132) 11... Nc5 {I would prefer not to hurry with that manoevre.} (11... c6 $5 {looks more natural.}) 12. Re1 {I haven't decided where to put the b1 at this point.} Bf8 ({After} 12... c6 13. Nd2 a5 14. Nf3 $14 {white's chances would be preferable due to the pair of bishops.}) 13. Nd2 c6 14. e3 $5 {Preventing black from seizing more space by 14...d4.} ({After} 14. Nf3 {black could seize some space by:} d4 $5 $14) 14... a5 {Securing the statement of c5.} 15. Nf3 ({Deserved attention also:} 15. b3 $5 {in order to meet} d4 $140 {with} 16. e4 Nd5 17. a3 Nc3 18. Bb2 $14) 15... a4 16. Rb1 {Black's main problem is a deficit of useful plan. That's why white shouldn't hurry.} (16. Bd2 $5 a3 17. b4 Na4 18. Rab1 Nb2 19. Bc3 $14) 16... Qd7 17. Rd1 {Taking control of the d3 and preparing development of c1.} (17. Bd2 $2 Qf5 {[%csl Rd3]}) ({Also possible was:} 17. Nd4 Ne6 18. Nxe6 (18. Ne2 Ng5 19. Kh2 h5 $132) 18... Rxe6 19. Bd2 $14 {but I didn't want to exchange the knights.}) 17... b5 $6 {That inaccurate move leads to a very hard position.} ({Much better would be:} 17... Qf5 18. Nh4 (18. Nd4 Qg6 $11) 18... Qe6 19. Bd2 $14 {with only a slight advantage of white.}) 18. e4 {This typical advancement was underestimated by Sergei. White seizes a lot of space.} ({Another way of getting a permanent advantage was:} 18. Bd2 $5 Qb7 19. Bb4 (19. Bc3 Nfd7 $14 {[%cal Gb5b4]}) 19... Ne6 20. Bxf8 Rxf8 21. d4 $16 {[%csl Rc6]}) ({But only not} 18. d4 $2 Nce4 19. Ne5 Qe6 $132 20. Qxc6 $140 $6 Qf5 $36 {[%csl Rb1][%cal Gf5f2,Gf5b1,Ge4g3]}) 18... Qb7 ({Hardly better would be:} 18... dxe4 19. dxe4 Qe6 20. e5 $16) 19. e5 ({There was no reason for:} 19. Be3 $6 Na6 {[%cal Ga6b4]} (19... dxe4 20. Bxc5 exf3 21. Bxf3 Bxc5 22. Qxc5 Nd5 23. Rbc1 $14) 20. a3 dxe4 21. dxe4 Nxe4 22. Nd2 Nxd2 23. Rxd2 $44 {and white has only a sufficient compensation for the pawn, but not more.}) 19... Nfd7 20. d4 $16 {White has a serious advantage due to the preferablity of his pawn structure and his pair of bishops.} Na6 {Here the knight is far away from the king-side, but black is looking for some counterplay.} (20... Ne6 21. Be3 $16) (20... Ne4 21. Ng5 Nxg5 22. Bxg5 $16) 21. Qf5 $1 {Avoiding a threat of 21...b4 and intending to put strong pressure on black's king.} Bb4 {Freeing a spot for the d7.} ({After} 21... g6 22. Qf4 $16 {[%cal Gh3h4,Gh4h5] white has a clear plan of developing his initiative, while black's king becomes compromised.}) 22. h4 ({Interesting would be also:} 22. Be3 $5 Nf8 23. Rbc1 $16) 22... Nf8 23. a3 {This move is not a real mistake, but now black has some counterchances which are connected with an b5-b4 advancement.} ({Now I would prefer:} 23. Be3 a3 24. b3 $16) 23... Be7 {Here the bishop is able to take part in defending.} (23... Ba5 $143 24. h5 $40) 24. Be3 b4 {This is more or less necessary - otherwise white could make progress on the king-side without any problems.} 25. Ng5 {The knight puts a strong pressure on the g8, so black is practically forced to give up his second bishop.} ({Maybe} 25. axb4 $5 Nxb4 26. Ng5 $16 {would be even more unpleasant.}) 25... Bd8 ({The immediate} 25... Bxg5 {doesn't make much difference.}) 26. Rdc1 {This move is not bad at all, but it was possible to create an additional weakness in black's camp.} ({Good enough looks} 26. axb4 $5 Nxb4 27. Ra1 $16) 26... Bxg5 27. hxg5 $6 {A very strange decision which makes white's king-side play much more slowly!} ({Much stronger was:} 27. Qxg5 $142 Rab8 (27... b3 28. f4 $16 {[%cal Gf4f5]}) 28. axb4 Nxb4 29. Rc3 $16 {[%csl Ra4,Rc6]}) 27... b3 $1 {Now black has enough time for consolidating.} 28. Rc3 Nc7 29. Rbc1 Ra6 30. Bf1 Nb5 31. Rd3 Rb6 32. Rd2 ({Maybe it was better to start an immediate advancement of the f-pawn:} 32. Qg4 Qe7 {[%cal Gb5a3]} 33. Ra1 Ne6 34. f4 $14) 32... Qe7 $1 {[%cal Gb5a3] Suddenly black has created an unpleasant threat of 33...xa3.} 33. Ra1 (33. Bd3 $2 Nxa3 34. bxa3 Qxa3 $17) 33... Ne6 34. Bd3 {Provoking some weakening of the king-side. However, this plan is too slowly.} g6 35. Qg4 Rbb8 36. Kg2 c5 $1 {Finally black has got a real counterplay.} 37. dxc5 ({White could still maintain some advantage, but after} 37. Bxb5 Rxb5 38. dxc5 d4 39. Bxd4 Nxd4 40. Qxd4 Rxc5 $14 {black's activity doesn't gives white real winning chances.}) 37... d4 $1 38. Bf4 ({Now it was too late for:} 38. Bxb5 $2 dxe3 39. Rd7 (39. Bxe8 exd2 40. Bxa4 Nxc5 $17) 39... Qxc5 40. Bxa4 Qxe5 $15) 38... Qxc5 39. Rh1 {Here the draw was agreed.} ({After} 39. Rh1 Rbd8 40. Qh4 Nf8 41. Rdd1 Nc7 $11 {black is at least not worse.}) 1/2-1/2

[Event "Wch U20"]
[Site "Istanbul"]
[Date "2005.11.19"]
[Round "10"]
[White "Zhigalko, Sergei"]
[Black "Karakehajov, Kalin"]
[Result "1/2-1/2"]
[WhiteElo "2490"]
[BlackElo "2396"]
[PlyCount "59"]
[EventDate "2005.11.09"]
[EventType "swiss"]
[EventRounds "13"]
[EventCountry "TUR"]
[SourceTitle "CBM 109 Extra"]
[Source "ChessBase"]
[SourceDate "2006.01.03"]
[SourceVersion "2"]
[SourceVersionDate "2006.01.03"]
[SourceQuality "1"]

1. d4 d5 2. c4 c6 3. Nc3 dxc4 4. e3 b5 5. a4 b4 6. Nb1 Ba6 7. Nf3 Nf6 8. Nbd2 c3 9. bxc3 Bxf1 10. Nxf1 bxc3 11. Ba3 Nbd7 12. Ng3 c5 13. O-O e6 14. Rc1 Qa5 15. Ne2 cxd4 16. Bxf8 Nxf8 17. Qxd4 Ng6 18. Qxc3 Qxc3 19. Rxc3 O-O 20. Rb1 Rab8 21. Rcb3 Nd7 22. Ned4 e5 23. Kf1 a6 24. Nb5 f6 25. Nc3 Kf7 26. Ke2 Ke6 27. Kd3 Kd6 28. Kc4 f5 29. Nd2 f4 30. e4 1/2-1/2

[Event "Wch U20"]
[Site "Istanbul"]
[Date "2005.11.21"]
[Round "12"]
[White "Zhigalko, Sergei"]
[Black "Kharitonov, Alexandr"]
[Result "1/2-1/2"]
[WhiteElo "2490"]
[BlackElo "2545"]
[PlyCount "215"]
[EventDate "2005.11.09"]
[EventType "swiss"]
[EventRounds "13"]
[EventCountry "TUR"]
[SourceTitle "CBM 109 Extra"]
[Source "ChessBase"]
[SourceDate "2006.01.03"]
[SourceVersion "2"]
[SourceVersionDate "2006.01.03"]
[SourceQuality "1"]

1. e4 c6 2. d4 d5 3. e5 c5 4. dxc5 e6 5. Qg4 Nd7 6. Nf3 Qc7 7. Nc3 a6 8. Na4 Ne7 9. Bd3 Ng6 10. O-O Bxc5 11. Nxc5 Nxc5 12. Re1 Bd7 13. h4 h5 14. Qg5 Nxd3 15. cxd3 Bb5 16. d4 Rc8 17. b3 Qe7 18. Qg3 Bd3 19. a4 b5 20. axb5 axb5 21. Bg5 Qb4 22. Bd2 Qxb3 23. Ng5 Bc2 24. Qxb3 Bxb3 25. Bb4 Ba4 26. g3 Rc4 27. Bc5 Nf8 28. Rec1 Nd7 29. Rxc4 dxc4 30. Ne4 Nxc5 31. Nxc5 Ke7 32. Kf1 Rd8 33. Ke2 Rxd4 34. Nxa4 bxa4 35. Rxa4 Re4+ 36. Kf3 Rxe5 37. Rxc4 Rd5 38. Rc7+ Rd7 39. Rc5 g6 40. Ra5 Kf6 41. Rb5 e5 42. Ra5 Kf5 43. Rb5 Ra7 44. Rc5 Ra3+ 45. Kg2 Ra6 46. Rb5 Ke4 47. Rb7 f5 48. Rb4+ Kd5 49. Rb5+ Kd4 50. Rb4+ Kc5 51. Rb8 e4 52. Rc8+ Kd5 53. Rd8+ Rd6 54. Ra8 Ke5 55. Ra5+ Kd4 56. Ra3 Kc4 57. Kf1 Kd4 58. Kg2 Ke5 59. Ra5+ Kf6 60. Ra8 Rd2 61. Kf1 Rd3 62. Ra6+ Kg7 63. Ra7+ Kh6 64. Rf7 Rd8 65. Kg2 Rg8 66. Kf1 Rg7 67. Rf6 Re7 68. Ra6 f4 69. gxf4 Rf7 70. Kg2 Rxf4 71. Kg3 Rg4+ 72. Kh3 Kg7 73. Ra3 Rf4 74. Kg3 Rg4+ 75. Kh3 Kf6 76. f3 exf3 77. Rxf3+ Ke6 78. Rf8 Ra4 79. Kg3 Ra3+ 80. Kg2 Ke5 81. Rf7 Ra4 82. Kg3 Rg4+ 83. Kh3 Rf4 84. Re7+ Kf5 85. Re3 Rf1 86. Ra3 Re1 87. Rf3+ Ke5 88. Kg3 Rg1+ 89. Kh3 Rd1 90. Kg3 Rd6 91. Re3+ Kf5 92. Rf3+ Ke4 93. Rf4+ Ke5 94. Rf3 Rd4 95. Re3+ Re4 96. Ra3 Rg4+ 97. Kh3 Rd4 98. Rg3 Rd6 99. Rg1 Kf4 100. Rf1+ Ke4 101. Re1+ Kf3 102. Rf1+ Ke2 103. Rf8 Rd4 104. Rf6 Rg4 105. Rf7 Ke3 106. Rf6 Ke4 107. Ra6 Kf3 108. Ra3+ 1/2-1/2

[Event "Wch U20"]
[Site "Istanbul"]
[Date "2005.11.22"]
[Round "13"]
[White "Stellwagen, Daniel"]
[Black "Zhigalko, Sergei"]
[Result "1-0"]
[WhiteElo "2561"]
[BlackElo "2490"]
[PlyCount "72"]
[EventDate "2005.11.09"]
[EventType "swiss"]
[EventRounds "13"]
[EventCountry "TUR"]
[SourceTitle "CBM 109 Extra"]
[Source "ChessBase"]
[SourceDate "2006.01.03"]
[SourceVersion "2"]
[SourceVersionDate "2006.01.03"]
[SourceQuality "1"]

1. e4 c5 2. Nf3 Nc6 3. Bb5 Nf6 4. Bxc6 dxc6 5. d3 g6 6. h3 Bg7 7. Nc3 Nd7 8. Be3 e5 9. Qd2 h6 10. O-O Qe7 11. Nh2 Nf8 12. f4 exf4 13. Bxf4 Ne6 14. Bg3 Nd4 15. Rae1 Be6 16. e5 Nf5 17. Bf2 b6 18. Nf3 O-O-O 19. Ne4 h5 20. Qc3 Bh6 21. Nf6 Bf4 22. Re4 g5 23. b4 Bd5 24. bxc5 Bxe4 25. Nxe4 Be3 26. cxb6 axb6 27. Qxc6+ Qc7 28. Nd6+ Rxd6 29. Qxc7+ Kxc7 30. exd6+ Kxd6 31. Nxg5 Rg8 32. Nxf7+ Ke6 33. h4 Ra8 34. Ng5+ Ke5 35. Kh2 Rxa2 36. g4 b5 1-0

[Event "Warsaw AIG Life rapid"]
[Site "Warsaw"]
[Date "2005.12.17"]
[Round "1"]
[White "Zhigalko, Sergei"]
[Black "Grochowski, Krzysztof"]
[Result "1-0"]
[WhiteElo "2490"]
[BlackElo "1972"]
[PlyCount "27"]
[EventDate "2005.12.17"]
[EventType "swiss (rapid)"]
[EventRounds "13"]
[EventCountry "POL"]
[SourceTitle "CBM 110 Extra"]
[Source "ChessBase"]
[SourceDate "2006.03.10"]
[SourceVersion "2"]
[SourceVersionDate "2006.03.10"]
[SourceQuality "1"]

1. e4 c6 2. d4 d5 3. e5 Bf5 4. Nd2 e6 5. Nb3 Nd7 6. Nf3 Ne7 7. Be2 Rc8 8. O-O c5 9. Nxc5 Nxc5 10. dxc5 Rxc5 11. c3 Rc8 12. Nd4 Bg6 13. Bg5 h6 14. Bb5+ 1-0

[Event "Warsaw AIG Life rapid"]
[Site "Warsaw"]
[Date "2005.12.17"]
[Round "3"]
[White "Zhigalko, Sergei"]
[Black "Szczepinski, Michal"]
[Result "1/2-1/2"]
[WhiteElo "2490"]
[BlackElo "2278"]
[PlyCount "59"]
[EventDate "2005.12.17"]
[EventType "swiss (rapid)"]
[EventRounds "13"]
[EventCountry "POL"]
[SourceTitle "CBM 110 Extra"]
[Source "ChessBase"]
[SourceDate "2006.03.10"]
[SourceVersion "2"]
[SourceVersionDate "2006.03.10"]
[SourceQuality "1"]

1. e4 e5 2. Nf3 Nc6 3. Bb5 a6 4. Ba4 Nf6 5. O-O b5 6. Bb3 Bc5 7. c3 d6 8. d4 Bb6 9. h3 Bb7 10. Re1 h6 11. Be3 O-O 12. Nbd2 exd4 13. cxd4 Nb4 14. Qb1 Re8 15. a3 Nc6 16. d5 Bxe3 17. Rxe3 Ne5 18. Nxe5 dxe5 19. Qc2 Rc8 20. Rc3 Qd6 21. Rc1 c6 22. dxc6 Rxc6 23. Rxc6 Bxc6 24. Rd1 Rd8 25. f3 Be8 26. Kh2 Qb6 27. Nb1 Rxd1 28. Qxd1 Qf2 29. Qd2 Kf8 30. Ba2 1/2-1/2

[Event "Warsaw AIG Life rapid"]
[Site "Warsaw"]
[Date "2005.12.17"]
[Round "4"]
[White "Krzesaj, Robert"]
[Black "Zhigalko, Sergei"]
[Result "0-1"]
[WhiteElo "2334"]
[BlackElo "2490"]
[PlyCount "77"]
[EventDate "2005.12.17"]
[EventType "swiss (rapid)"]
[EventRounds "13"]
[EventCountry "POL"]
[SourceTitle "CBM 110 Extra"]
[Source "ChessBase"]
[SourceDate "2006.03.10"]
[SourceVersion "2"]
[SourceVersionDate "2006.03.10"]
[SourceQuality "1"]

1. d4 d5 2. c4 e6 3. Nc3 c6 4. g3 dxc4 5. Bg2 Nf6 6. Nf3 b5 7. Ne5 Nd5 8. O-O f6 9. Nf3 Be7 10. a4 b4 11. Nb1 a5 12. e4 Nb6 13. Re1 O-O 14. Be3 Ba6 15. Qc1 N8d7 16. Nbd2 Rc8 17. Bh3 f5 18. exf5 exf5 19. Bf1 c5 20. d5 Nxd5 21. Nxc4 Bb7 22. Bg2 Qc7 23. Bf4 Nxf4 24. Qxf4 Bf6 25. Rad1 Qxf4 26. gxf4 Rcd8 27. Nfe5 Nxe5 28. fxe5 Bg5 29. b3 h6 30. Nxa5 Bd2 31. Re2 Bc3 32. Rxd8 Rxd8 33. Nc4 Kf7 34. a5 Bxg2 35. Kxg2 Ra8 36. f4 Ke6 37. Re3 Bd4 38. Rd3 Ra7 39. Rh3 0-1

[Event "Warsaw AIG Life rapid"]
[Site "Warsaw"]
[Date "2005.12.17"]
[Round "5"]
[White "Zhigalko, Sergei"]
[Black "Warszawski, Bartosz"]
[Result "1-0"]
[WhiteElo "2490"]
[BlackElo "2321"]
[PlyCount "42"]
[EventDate "2005.12.17"]
[EventType "swiss (rapid)"]
[EventRounds "13"]
[EventCountry "POL"]
[SourceTitle "CBM 110 Extra"]
[Source "ChessBase"]
[SourceDate "2006.03.10"]
[SourceVersion "2"]
[SourceVersionDate "2006.03.10"]
[SourceQuality "1"]

1. e4 c5 2. c3 d5 3. exd5 Qxd5 4. d4 cxd4 5. cxd4 Nc6 6. Nf3 e5 7. Nc3 Bb4 8. Bd2 Bxc3 9. Bxc3 e4 10. Ne5 Nge7 11. Qa4 Bd7 12. Qa3 Qe6 13. Rd1 O-O 14. Bc4 Qf5 15. O-O Ng6 16. Bd2 Nf4 17. Qg3 Ng6 18. Bc3 Rad8 19. Bb5 Kh8 20. Bc4 Bc8 21. Rb1 Qxe5 1-0